| 000 | 00621nam a22001817a 4500 | ||
|---|---|---|---|
| 003 | BUBTL | ||
| 008 | 190306b xxu||||| |||| 00| 0 eng d | ||
| 020 | _a978-984-502-0749 | ||
| 082 | _a891.443 / AHJ | ||
| 100 |
_91693 _aআহমেদ, হুমায়ূন |
||
| 245 |
_aযখন নামিবে আঁধার / _cহুমায়ূন আহমেদ |
||
| 260 |
_aঢাকা : _bঅন্যপ্রকাশ, _cc2012. |
||
| 300 |
_a72 p. : _c22 cm. |
||
| 650 | 0 |
_91689 _aবাংলা সাহিত্য |
|
| 856 |
_k0 _l0 _yDownload |
||
| 942 |
_2ddc _cBK |
||
| 999 |
_c5902 _d5902 |
||